Nevyužitý rekreačný potenciál Slovenska na báze prameňov vôd bakalárska práca

Saved in:
Bibliographic Details
Main Author: Vojtaššáková, Lesia
Corporate Author: Obchodná fakulta EU. Katedra služieb a cestovného ruchu - zrušené
Other Authors: Mrkvová, Katarína
Format: Book
Language:Slovak
Published: Bratislava 2014
Tags: Add Tag
No Tags, Be the first to tag this record!

MARC

LEADER 00000nbm a2200000 4500
001 0188432
005 20170201102512.5
041 0 |a slo 
044 |a SK 
245 1 0 |a Nevyužitý rekreačný potenciál Slovenska na báze prameňov vôd  |b bakalárska práca  |c Lesia Vojtaššáková ; školiteľ: Katarína Mrkvová 
264 1 |a Bratislava  |c 2014 
300 |a 37 s. 
100 1 |a Vojtaššáková, Lesia 
700 1 |a Mrkvová, Katarína 
710 2 |a Obchodná fakulta EU. Katedra služieb a cestovného ruchu - zrušené